| 000 | 00690nam a2200205Ia 4500 | ||
|---|---|---|---|
| 003 | GCL | ||
| 005 | 20240530095256.0 | ||
| 008 | 140319s9999 xx 000 0 ara d | ||
| 040 |
_aGCL / _cGCL |
||
| 082 | 0 | 4 |
_a364.131 _bق/م م |
| 245 | 1 | 0 | _aملف مكافحة الارهاب |
| 260 |
_aالقاهرة : _bمركز الاهرام للتنظيم وتكنولوجيا المعلومات ، _c2003 |
||
| 300 |
_aمتعدد ؛ _c32 سم |
||
| 650 | 0 | 4 | _aالتخريب والتدمير |
| 650 | 0 | 4 | _aجرائم ضد الانسانية |
| 650 | 0 | 4 | _aالعنف - مصر |
| 650 | 0 | 4 | _aالارهاب - مصر |
| 650 | 0 | 4 | _aالارهاب - مقالات ومحاضرات |
| 942 |
_2ddc _cBK |
||
| 999 |
_c5702 _d5702 |
||